Curious george: tadpole trouble / (Record no. 5332)
[ view plain ]
| 000 -LEADER | |
|---|---|
| fixed length control field | 01318nam a22002897a 4500 |
| 001 - CONTROL NUMBER | |
| control field | 5332 |
| 003 - CONTROL NUMBER IDENTIFIER | |
| control field | FISKH |
| 005 - DATE AND TIME OF LATEST TRANSACTION | |
| control field | 20241126153433.0 |
| 008 - FIXED-LENGTH DATA ELEMENTS--GENERAL INFORMATION | |
| fixed length control field | 241126b cb ||||| |||| 00| 0 eng d |
| 020 ## - INTERNATIONAL STANDARD BOOK NUMBER | |
| International Standard Book Number | 9780618777129 |
| 040 ## - CATALOGING SOURCE | |
| Original cataloging agency | FISKH |
| Language of cataloging | eng |
| Transcribing agency | FISKH |
| Modifying agency | FISKH |
| 050 ## - LIBRARY OF CONGRESS CALL NUMBER | |
| Classification number | PZ7.W66697 |
| 082 ## - DEWEY DECIMAL CLASSIFICATION NUMBER | |
| Classification number | 535 |
| 100 ## - MAIN ENTRY--PERSONAL NAME | |
| Personal name | Williams, London Mark |
| Dates associated with a name | (1959-) |
| 245 ## - TITLE STATEMENT | |
| Title | Curious george: tadpole trouble / |
| Statement of responsibility, etc. | Adaptation by Mark London Williams Based on the TV series teleplay written by Bruce Akiyama |
| 250 ## - EDITION STATEMENT | |
| Edition statement | Published in 2007 |
| 260 ## - PUBLICATION, DISTRIBUTION, ETC. | |
| Place of publication, distribution, etc. | New York : |
| Name of publisher, distributor, etc. | Houghton Mifflin, |
| Date of publication, distribution, etc. | 2007. |
| 300 ## - PHYSICAL DESCRIPTION | |
| Extent | 20 pages : |
| Other physical details | Color illustrations ; |
| Dimensions | 21 cm |
| 505 ## - FORMATTED CONTENTS NOTE | |
| Formatted contents note | N<br/> |
| 520 ## - SUMMARY, ETC. | |
| Summary, etc. | Curious George's friend Bill has put him in charge of several tadpoles. George sends the tadpoles for a nice swim in the lagoon, but to his dismay, the tadpoles don't return! Each time he goes back to the lake he tries to find the tadpoles, but he finds only tadpole-like creatures without tails . . . and with legs. A trip to the museum teaches George about the development of tadpoles into frogs, and he and Bill are happy to make the acquaintance of their new froggy friends!. |
| 521 8# - TARGET AUDIENCE NOTE | |
| Target audience note | 580L<br/> |
| Source | Lexile<br/> |
| 521 8# - TARGET AUDIENCE NOTE | |
| Target audience note | N<br/> |
| Source | Raz-Plus<br/> |
| 650 ## - SUBJECT ADDED ENTRY--TOPICAL TERM | |
| Source of heading or term | Life cycle |
| Topical term or geographic name entry element | Spring |
| 650 ## - SUBJECT ADDED ENTRY--TOPICAL TERM | |
| Source of heading or term | Frogs |
| Topical term or geographic name entry element | Animals |
| 942 ## - ADDED ENTRY ELEMENTS (KOHA) | |
| Source of classification or shelving scheme | Dewey Decimal Classification |
| Koha item type | Books |
| Suppress in OPAC | No |
| Withdrawn status | Lost status | Source of classification or shelving scheme | Damaged status | Not for loan | Collection | Home library | Current library | Shelving location | Date acquired | Total Checkouts | Full call number | Barcode | Date last seen | Copy number | Price effective from | Koha item type |
|---|---|---|---|---|---|---|---|---|---|---|---|---|---|---|---|---|
| Dewey Decimal Classification | Fiction | Footprints International School Library Network Toul Kork Campus | Footprints International School Library Network Toul Kork Campus | TK Primary Library Room(4th Floor), Bookcase 3&4, Shelves 17-32, Yellow Books | 11/26/2024 | WIL 535 PZ7.W66697 | FISTK01543 | 11/26/2024 | 1 | 11/26/2024 | Books |
